Hijos tiranos o débiles dependientes (Record no. 38730)

MARC details
000 -LEADER
fixed length control field 00689nam a22001937a 4500
005 - DATE AND TIME OF LATEST TRANSACTION
control field 20150124124710.0
008 - FIXED-LENGTH DATA ELEMENTS--GENERAL INFORMATION
fixed length control field 130628t mx ||||| |||| 00| 0 spa d
020 ## - INTERNATIONAL STANDARD BOOK NUMBER
International Standard Book Number 9789708102803
050 04 - LIBRARY OF CONGRESS CALL NUMBER
Classification number HQ755.83
Item number C43 2008
100 1# - MAIN ENTRY--PERSONAL NAME
Personal name Chávez, Martha Alicia,
245 10 - TITLE STATEMENT
Title Hijos tiranos o débiles dependientes
Remainder of title : el drama del hijo sobreprotegido
Statement of responsibility, etc / Martha Alicia Chávez
250 ## - EDITION STATEMENT
Edition statement 11a.reimp.
260 ## - PUBLICATION, DISTRIBUTION, ETC. (IMPRINT)
Place of publication, distribution, etc México, D.F. :
Name of publisher, distributor, etc Grijalbo,
Date of publication, distribution, etc c2008
300 ## - PHYSICAL DESCRIPTION
Extent 156p.;
Dimensions 23cm.
650 #4 - SUBJECT ADDED ENTRY--TOPICAL TERM
Topical term or geographic name as entry element Padres de familia -- Actitudes
General subdivision Paternidad (Psicología) -- Aspectos psicológicos
650 #4 - SUBJECT ADDED ENTRY--TOPICAL TERM
Topical term or geographic name as entry element Padres e hijos, Relaciones
General subdivision Hijos -- Actitudes
650 #4 - SUBJECT ADDED ENTRY--TOPICAL TERM
Topical term or geographic name as entry element Autoridad paterna
942 ## - ADDED ENTRY ELEMENTS (KOHA)
Source of classification or shelving scheme Clasificación Decimal Dewey
Koha item type Libro
Holdings
Estado de pérdida Fuente de clasificación Estado del daño No para préstamo Ubicación permanente Ubicación actual Apartado o colección Fecha de adquisición Fuente de adquisición Enumeración de Serie / Cronológica Dependencia de educación superior (DES) Área del conocimiento Clasificación Código de Barras Date last seen Número de copia Tipo de recurso
  Biblioteca del Cogreso de los Estados Unidos     Biblioteca de la Facultad de Psicología Biblioteca de la Facultad de Psicología General 12/08/2014   BFP000010588     HQ755.83 C43 2014 BFP000010588 16/01/2015 2 Libro